grimm cast - Statistics

General Stats
  • This quiz has been taken 21 times
  • The average score is 7 of 40
Answer Stats
Hint Answer % Correct
Nick Burkhart David Giuntoli
86%
adalind Schade Claire Coffee
64%
Rosalee Calvert Bree Turner
57%
Captain Sean Renard Sasha Roiz
50%
Monroe Silas Weir Mitchell
50%
Juliette Silverton Bitsie Tulloch
43%
Sergeant Wu Reggie Lee
43%
Theresa Trubel Jacqueline Toboni
36%
Hank Griffin Russell Hornsby
36%
Bud wurstner Danny Bruno
21%
Viktor Albert Willhelm George Beckendorf Alexis Denisof
14%
Rachel Wood Anne Leighton
14%
Meisner Damien Puckler
14%
Diana hannah R. Lloyd
14%
Eric Renard james Frain
14%
Marie Keeler Kate Burton
14%
Sgt. Franco Robert Blanche
14%
Dr harper Sharon sachs
14%
Sebastien/ Castle spy/ renard's spy Christian Lagadec
7%
weston Steward C. Thomas Howell
7%
Henrietta garcelle Beauvais
7%
Elizabeth Lascelles Louise Lombard
7%
Frau pech Mary McDonald- Lewis
7%
Kenneth Nico Evers-Swindell
7%
Marucs Rispoli Philip Anthony-Rodriguez
7%
Zuri Ellis Sharon Leal
7%
Walter Dempsey Adam Dunlap
0%
Pilar Bertila Damas
0%
Harold 'Big' Johnson Cazzey Louis Cereghino
0%
M.E Bindra Dana Millican
0%
Agent Chavez Elizabeth Rodriguez
0%
Leroy Estes Jim Crino
0%
John Oblinger kyle vahan
0%
Josh Porter Lucas near- Verbrugghe
0%
Kelly Burkhart Mary Elizabeth Mastran
0%
Jeremiah Rogers M.Ben Newman
0%
Andrew Dixon/ Peter Michael Sheets
0%
Ryan Showalter Nicholas Gonzazles
0%
Conrad Bona Shaun Toub
0%
Stefania vaduva Popescu Shohreh Aghdashloo
0%
No matching quizzes found
Score Distribution
Percent of People with Each Score
Percentile by Number Answered
Your Score History
You have not taken this quiz